Clubs de foot : quel pays ? (2) - Statistiques

Statistiques générales
  • Ce quiz a été pris 114 fois
  • Le résultat moyen est 7 sur 20
Statistiques - réponses
Football team Country % Correct
Bayer Leverkusen Allemagne
96%
Trabzonspor Turquie
90%
Al Shabab Arabie Saoudite
80%
Cluj-Napoca Roumanie
67%
Ludogorets 1945 Bulgarie
57%
Anzhi Makhachkala Russie
49%
Akademija Pandev Macédoine du Nord
47%
SHB Đà Nẵng Vietnam
40%
Sporting Pizarro Pérou
37%
Thunder Bay Chill Canada
30%
Honved Hongrie
27%
Finn Harps Irlande
24%
Once Deportivo de Ahuachapan Salvador
13%
Carib Hurricane Grenade
6%
Qizilqum Zarafshon Ouzbekistan
6%
April 25 Sports Club Corée du Nord
5%
Tatung Taïwan
5%
Lotohaʻapai United Tonga
5%
Abububu Labourers Ghana
4%
Textáfrica Mozambique
3%
Aucun quiz correspondant
Distribution des résultats
% des personnes avec chaque résultat
Percentile par nombre de réponses
Votre historique - résultats
Vous n’avez pas pris ce quiz